| 000 | 01391nam0a2200349 4500 | ||
|---|---|---|---|
| 001 | RU\NLR\BIBL_A\011387939 | ||
| 005 | 20260408173605.0 | ||
| 010 |
_a9785444101681 _91000 |
||
| 021 |
_aRU _b2017-27673 _92045 |
||
| 035 | _a(RuMoRGB)008859158 | ||
| 035 | _a(NLR Aleph) 011387939 | ||
| 090 |
_a11438478 _c11438478 |
||
| 100 | _a20170519d2016 u y0rusy50 ca | ||
| 101 | 0 | _arus | |
| 102 | _aRU | ||
| 105 | _aa z 00zy | ||
| 200 | 1 |
_aУчусь дружить! _eтренинг коммуникативных навыков у дошкольников _fИ. Л. Арцишевская |
|
| 210 |
_aМосква _cНациональный книжный центр _d2016 |
||
| 215 |
_a41 с. _d21 |
||
| 225 | 1 | _aСерия "Психологическая служба" | |
| 320 | _aБиблиогр.: с. 41 | ||
| 606 |
_aДети _jПрактические пособия _xТренинг социально-психологический _92245468 _3RU\NLR\AUTH\661347152 |
||
| 606 |
_aОбщение у детей _jПрактические пособия _3RU\NLR\AUTH\66778975 _91740863 |
||
| 686 |
_aЮ983.401,07 _2rubbk |
||
| 686 |
_aЮ953-734с,07 _2rubbk |
||
| 686 | 1 | _aЮ983.52я7 | |
| 686 | 1 | _aС550.325.2я7 | |
| 700 | 1 |
_aАрцишевская _bИ. Л. _gИрина Леонардовна |
|
| 942 | _cBOOK | ||
| 980 | _aNBR | ||